Responses for Show #8479 - Thursday, September 30, 2021

Matt Amodio game 32.

Contestants

[<< previous game]

Andrew Fox, a museum web and interactive developer from Novato, California

Abigail Noy, a screen printer from New York, New York

Matt Amodio, a Ph.D. student from New Haven, Connecticut (whose 31-day cash winnings total $1,158,001)

[next game >>]

Jeopardy! Round responses

CHAPTER & VERSE
HOMOPHONES
THAT ANIMAL HAD A NAME
GETTING SPORT "E"
LADIES & GENTLEMEN
THE WEEKEND
    $200 25
the Scarlet Letter

Abigail
    $200 28
reign/rain

Matt
    $200 26
a chimp

Andrew
    $200 30
eagle

Abigail
    $200 27
a (gentleman) farmer

Abigail
    $200 29
gutters

Matt
    $400 20
beauty

Matt
    $400 23
a prophet/profit

Abigail
    $400 19
[NOTE: Matt included an improper "the" in the middle of the character's name.]

Smokey Bear

Matt
    $400 24
extra base

Matt
    $400 21
House of Commons

Matt
    $400 22
(Matt: Uh, what's... Rottweiler?)

a Doberman

MattAbigail
    $600 3
Pequod

Matt
    $600 18
flair/flare

Matt
    $600 14
Cat

Abigail
    $600 15
end zone

Matt
    $600 16
heavyweight champion

Matt
    $600 17
(Abigail: What are the Lions?)

the Jacksonville Jaguars

Abigail
Triple Stumper
    $800 2
(Matt: What's Guinevere?)

Lady of Shalott

Matt
Triple Stumper
    $800 13
a chorale/corral

Andrew
    $800 5
sign language

Matt
    $800 12
an enforcer

Abigail
    $800 10
Lady Jane Grey

Matt
    $800 11
brisket

Matt
    $1000 1
Harold

Andrew
    $2,600 8
frieze/freeze

Matt
    $1000 4
Alexander the Great

Andrew
    $1000 9
encroachment

Triple Stumper
    $1000 6
Lady Windermere

Matt
    $1000 7
(Daniel) Boone

Matt

Scores at the first commercial break (after clue 15):

Matt Abigail Andrew
$7,400 $1,400 $2,800

Scores at the end of the Jeopardy! Round:

Matt Abigail Andrew
$10,200 $2,200 $3,000

Double Jeopardy! Round responses

OLD-SCHOOL SELFIES
"ST" FOR A START
JACK
HISTORIC STRUCTURES
FROM BOOK TO RETITLED FILM
THE GEOGRAPHY
    $400 28
marble

Matt
    $400 29
stimulant

Matt
    $400 30
Jack Kerouac

Matt
    $400 27
Red Square

Matt
    $400 25
Charlie

Abigail
    $400 26
Alps

Matt
    $3,000 20
(Paul) Gauguin

Matt
    $800 24
the stratosphere

Abigail
    $800 19
Alcatraz

Matt
    $800 8
Hadrian's Wall

Matt
    $800 9
[NOTE: Matt did not include the leading article in his response.]

The Parent Trap

Matt
    $800 23
Riviera

Matt
    $1200 17
Cézanne

Matt
    $1200 14
steerage

Matt
    $1200 11
the Warner Brothers

Andrew
    $1200 6
the Black Hole of Calcutta

Andrew
    $1200 3
Hellraiser

Matt
    $1200 22
Lebanon

Matt
    $1600 16
(Diego) Velázquez

Andrew
    $1600 13
a stock exchange

Triple Stumper
    $1600 10
(Jack) Kirby

Matt
    $1600 4
Aswan High Dam

Matt
    $1600 1
Edgar Rice Burroughs

Abigail
    $7,000 5
Nile

Matt
    $2000 18
Modigliani

Matt
    $2000 15
(Matt: What's stark?)

Stygian

MattAndrew
    $2000 12
circuit

Matt
    $2000 7
Alhambra

Matt
    $2000 2
The Golden Compass

Abigail
    $2000 21
Ghana

Matt

Scores at the end of the Double Jeopardy! Round:

Matt Abigail Andrew
$39,400 $7,000 $9,000
(lock game)

[wagering suggestions for these scores]

Final Jeopardy! Round responses

CHILDREN'S LITERATURE
(Mayim: [To Andrew] L. Frank Baum's modern fairytale, which has a distinctly American setting, Kansas.)
AbigailWhat is Shrek?
$2,001
AndrewWhat is The Wizard of Oz?
$1,000
MattWhat is Wizard of Oz
$15,000
The Wizard of Oz

Final scores:

Matt Abigail Andrew
$54,400 $4,999 $10,000
32-day champion: $1,212,401 3rd place: $1,000 2nd place: $2,000

Game dynamics:

Coryat scores:

Matt Abigail Andrew
$30,200 $7,000 $9,000
37 R
(including 3 DDs),
3 W
11 R,
1 W
8 R,
0 W

Combined Coryat: $46,200

[game clues] [game scores] [suggest correction]

Game tape date: 2021-08-25
The J! Archive is created by fans, for fans. Scraping, republication, monetization, and malicious use prohibited; this site may use cookies and collect identifying information. See terms. The Jeopardy! game show and all elements thereof, including but not limited to copyright and trademark thereto, are the property of Jeopardy Productions, Inc. and are protected under law. This website is not affiliated with, sponsored by, or operated by Jeopardy Productions, Inc. Join the discussion at JBoard.tv.